| Tag |
First Indicator |
Second Indicator |
Subfields |
| LEADER |
00000cam a2200000 4500 |
| 001 |
in00000021116 |
| 005 |
20151007060956.0 |
| 008 |
720915s1955 nyu 00000beng u |
| 010 |
|
|
|a 55005776
|
| 035 |
|
|
|a (OCoLC)00407093
|
| 035 |
|
|
|9 AAD0725AM
|
| 040 |
|
|
|c OUN
|d TXA
|d UtOrBLW
|
| 041 |
1 |
|
|a eng
|a ita
|
| 049 |
|
|
|a TXAM
|c [255001]
|
| 050 |
|
0 |
|a ML410.V4
|b G199
|
| 082 |
0 |
|
|a 927.8
|
| 092 |
|
|
|a 780.92
|b V484g
|
| 100 |
1 |
|
|a Gatti, Carlo,
|d 1876-1965.
|
| 245 |
1 |
0 |
|a Verdi, the man and his music /
|c Translated from the Italian by Elisabeth Abbott.
|
| 264 |
|
1 |
|a New York :
|b Putnam,
|c [1955]
|
| 300 |
|
|
|a 371 pages ;
|c 22 cm.
|
| 336 |
|
|
|a text
|b txt
|2 rdacontent
|
| 337 |
|
|
|a unmediated
|b n
|2 rdamedia
|
| 338 |
|
|
|a volume
|b nc
|2 rdacarrier
|
| 600 |
1 |
0 |
|a Verdi, Giuseppe,
|d 1813-1901.
|
| 999 |
|
|
|a MARS
|
| 999 |
f |
f |
|s 8dc5e321-40f1-3d27-b5c3-a57a0944dd89
|i 237383c3-db00-37c8-a934-95596a4473c4
|t 0
|
| 952 |
f |
f |
|p ric
|a Texas A&M University
|b Rellis Campus
|c Joint Library Facility
|d Remote Storage
|t 0
|e ML410.V4 G199
|h Library of Congress classification
|i unmediated -- volume
|m A14801168303
|
| 998 |
f |
f |
|a ML410.V4 G199
|t 0
|l Remote Storage
|